Ändere die Welt! warum wir die kannibalische Weltordnung stürzen müssen

Salvato in:
Dettagli Bibliografici
Autore principale: Ziegler, Jean
Natura: Libro
Lingua:tedesco
Pubblicazione: München PENGUIN/C. Bertelsmann Verlag 2015
Edizione:3. Aufl.
Soggetti:
Tags: Aggiungi Tag
Nessun Tag, puoi essere il primo ad aggiungerne!!

MARC

LEADER 00000nam a2200000 4500
001 0236421
005 20221207093340.7
020 |a 978-3-328-10030-0 
041 0 |a ger 
044 |a DE 
245 1 0 |a Ändere die Welt!  |b warum wir die kannibalische Weltordnung stürzen müssen  |c Jean Ziegler ; aus dem Französischen übertragen von Ursel Schäfer 
250 |a 3. Aufl. 
264 1 |a München  |b PENGUIN/C. Bertelsmann Verlag  |c 2015 
300 |a 287 s. 
610 2 0 |a vývoj spoločenský 
610 2 0 |a vývoj politický 
610 2 0 |a moc politická 
610 2 0 |a kapitál finančný 
610 2 0 |a oligarchia finančná 
610 2 0 |a diktatúra 
610 2 0 |a nerovnosť príjmová 
610 2 0 |a triedy spoločenské 
610 2 0 |a politika svetová 
610 2 0 |a globalizácia 
610 2 0 |a ideológia 
610 2 0 |a štát 
610 2 0 |a byrokracia 
610 2 0 |a národnosti 
610 2 0 |a rasizmus 
610 2 0 |a fašizmus 
610 2 0 |a chudoba 
610 2 0 |a solidarita 
610 2 0 |a spravodlivosť 
610 2 0 |a politika medzinárodná 
100 1 |a Ziegler, Jean